Mitla (Record no. 154)

MARC details
000 -CABECERA
campo de control de longitud fija 01246nam a2200265 a 4500
001 - NÚMERO DE CONTROL
campo de control BRCA_183
005 - FECHA Y HORA DE LA ÚLTIMA TRANSACCIÓN
campo de control 20190320202919.0
008 - DATOS DE LONGITUD FIJA--INFORMACIÓN GENERAL
campo de control de longitud fija 941012s1991 mx-a---###---#000-0dspa-#
020 ## - NÚMERO INTERNACIONAL ESTÁNDAR DEL LIBRO
Número Internacional Estándar del Libro 9686120084
040 ## - FUENTE DE LA CATALOGACIÓN
Centro catalogador/agencia de origen DLC
Centro/agencia transcriptor DLC
041 ## - CÓDIGO DE LENGUA
Código de lengua del texto/banda sonora o título independiente spa
Código de lengua original eng
050 #4 - SIGNATURA TOPOGRÁFICA DE LA BIBLIOTECA DEL CONGRESO
Número de clasificación F1211.T4
Número de documento/Ítem .T46 1991
100 1# - ENTRADA PRINCIPAL--NOMBRE DE PERSONA
Nombre de persona Von Tempsky, Gustavus Ferdinand
Fechas asociadas al nombre 1828-1868
9 (RLIN) 673
245 10 - MENCIÓN DE TÍTULO
Título Mitla
Resto del título una narración de incidentes y aventuras personales en un viaje por México, Guatemala y El Salvador en los años de 1853 a 1855 con observaciones sobre el modo de vida en esos países
Mención de responsabilidad, etc. por G.F. von Tempsky ; traducido y editado por Mario de la Torre ; revisión de estilo Marivés Villalobos ; fotografía Michel Zabé.
260 ## - PUBLICACIÓN, DISTRIBUCIÓN, ETC.
Lugar de publicación, distribución, etc. México
Nombre del editor, distribuidor, etc. Banco de México
Fecha de publicación, distribución, etc. 1991
300 ## - DESCRIPCIÓN FÍSICA
Extensión xv, 355 p.
Otras características físicas il. (algunas a color), mapas
Dimensiones 22 cm.
500 ## - NOTA GENERAL
Nota general Facsímil de : Mitla : a narrative of incidents and personal adventures..., London : Longman, 1858
600 14 - PUNTO DE ACCESO ADICIONAL DE MATERIA--NOMBRE DE PERSONA
Nombre de persona Von Tempsky, G. F.
Fechas asociadas al nombre 1828-1868
Forma completa/desarrollada del nombre (Gustavus Ferdinand)
Subdivisión general Viajes
9 (RLIN) 674
651 #4 - PUNTO DE ACCESO ADICIONAL DE MATERIA--NOMBRE GEOGRÁFICO
Nombre geográfico México
Subdivisión general Descripción y viajes
9 (RLIN) 103
651 #4 - PUNTO DE ACCESO ADICIONAL DE MATERIA--NOMBRE GEOGRÁFICO
Nombre geográfico Guatemala
Subdivisión general Descripción y viajes
9 (RLIN) 675
651 #4 - PUNTO DE ACCESO ADICIONAL DE MATERIA--NOMBRE GEOGRÁFICO
Nombre geográfico El Salvador
Subdivisión general Descripción y viajes
9 (RLIN) 676
653 0# - TÉRMINO DE INDIZACIÓN--NO CONTROLADO
Término no controlado Viajeros extranjeros
700 1# - PUNTO DE ACCESO ADICIONAL--NOMBRE DE PERSONA
Nombre de persona Torre, Mario de la
9 (RLIN) 677
942 ## - ELEMENTOS DE PUNTO DE ACCESO ADICIONAL (KOHA)
Fuente del sistema de clasificación o colocación Library of Congress Classification
Tipo de ítem Koha Libros
Holdings
Estado de retiro Estado de pérdida Estado dañado No para préstamo Localización permanente Ubicación/localización actual Fecha de adquisición Total de préstamos Signatura topográfica completa Código de barras Fecha visto por última vez Precio válido a partir de Tipo de ítem Koha
El ejemplar forma parte de la colección y puede ser consultado según las políticas vigentes.       Biblioteca del Museo Franz Mayer (Rogerio Casas-Alatriste) Biblioteca del Museo Franz Mayer (Rogerio Casas-Alatriste) 25/06/2008   F1211.T4 .T46 1991 00248 22/03/2019 22/03/2019 Libros